Theology after neo-pragmatism / (Record no. 118259)
[ view plain ]
| 000 -LEADER | |
|---|---|
| fixed length control field | 01100cam a2200361 a 4500 |
| 001 - CONTROL NUMBER | |
| control field | 7140564 |
| 003 - CONTROL NUMBER IDENTIFIER | |
| control field | ARRUPE |
| 005 - DATE AND TIME OF LATEST TRANSACTION | |
| control field | 20131007144205.0 |
| 008 - FIXED-LENGTH DATA ELEMENTS--GENERAL INFORMATION | |
| fixed length control field | 081030s2008 enk b 001 0 eng |
| 020 ## - INTERNATIONAL STANDARD BOOK NUMBER | |
| International Standard Book Number | 9781842274606 (pbk.) |
| 020 ## - INTERNATIONAL STANDARD BOOK NUMBER | |
| International Standard Book Number | 1842274600 (pbk.) |
| 024 ## - OTHER STANDARD IDENTIFIER | |
| Standard number or code | 40016541055 |
| 035 ## - SYSTEM CONTROL NUMBER | |
| System control number | (OCoLC)269433360 |
| 035 ## - SYSTEM CONTROL NUMBER | |
| System control number | (OCoLC)ocn269433360 |
| 035 ## - SYSTEM CONTROL NUMBER | |
| System control number | (NNC)7140564 |
| 040 ## - CATALOGING SOURCE | |
| Original cataloging agency | UKM |
| Transcribing agency | UKM |
| Modifying agency | YDXCP |
| -- | NhCcYBP |
| 042 ## - AUTHENTICATION CODE | |
| Authentication code | ukblsr |
| 050 #4 - LIBRARY OF CONGRESS CALL NUMBER | |
| Classification number | B945 |
| Item number | .D384.V655 |
| 300 ## - PHYSICAL DESCRIPTION | |
| Dimensions | 23 cm. |
| 100 1# - MAIN ENTRY--PERSONAL NAME | |
| Personal name | Vidu, Adonis. |
| 9 (RLIN) | 2154 |
| 245 10 - TITLE STATEMENT | |
| Title | Theology after neo-pragmatism / |
| Statement of responsibility, etc | Adonis Vidu. |
| 260 ## - PUBLICATION, DISTRIBUTION, ETC. (IMPRINT) | |
| Place of publication, distribution, etc | Milton Keynes : |
| Name of publisher, distributor, etc | Paternoster, |
| Date of publication, distribution, etc | 2008. |
| 300 ## - PHYSICAL DESCRIPTION | |
| Extent | xx, 308 p. ; |
| 490 1# - SERIES STATEMENT | |
| Series statement | Paternoster theological monographs |
| 504 ## - BIBLIOGRAPHY, ETC. NOTE | |
| Bibliography, etc | Includes bibliographical references and index. |
| 600 ## - SUBJECT ADDED ENTRY--PERSONAL NAME | |
| Personal name | Davidson, Donald |
| 9 (RLIN) | 2155 |
| 650 #0 - SUBJECT ADDED ENTRY--TOPICAL TERM | |
| Topical term or geographic name as entry element | Evangelicalism. |
| 9 (RLIN) | 2156 |
| 650 #0 - SUBJECT ADDED ENTRY--TOPICAL TERM | |
| Topical term or geographic name as entry element | Theology |
| General subdivision | Doctrinal |
| -- | History |
| Chronological subdivision | 20th Century |
| 9 (RLIN) | 2157 |
| 650 #0 - SUBJECT ADDED ENTRY--TOPICAL TERM | |
| Topical term or geographic name as entry element | Pragmatism. |
| 9 (RLIN) | 2158 |
| 830 #0 - SERIES ADDED ENTRY--UNIFORM TITLE | |
| Uniform title | Paternoster theological monographs. |
| 9 (RLIN) | 2159 |
| 942 ## - ADDED ENTRY ELEMENTS (KOHA) | |
| Source of classification or shelving scheme | Library of Congress Classification |
| Koha item type | Monograph ( Printed materials) |
| 948 1# - LOCAL PROCESSING INFORMATION (OCLC); SERIES PART DESIGNATOR (RLIN) | |
| Series part designator, SPT (RLIN) | 20090415 |
| b (OCLC) | c |
| c (OCLC) | sl13 |
| d (OCLC) | MPS |
| Withdrawn status | Lost status | Source of classification or shelving scheme | Damaged status | Not for loan | Home library | Current library | Shelving location | Date acquired | Total Checkouts | Full call number | Barcode | Date last seen | Price effective from | Koha item type |
|---|---|---|---|---|---|---|---|---|---|---|---|---|---|---|
| Library of Congress Classification | ARRUPE LIBRARY | ARRUPE LIBRARY | Main Collection | 07/10/2013 | B945 .D384.V655 | 46410750 | 07/10/2013 | 07/10/2013 | Monograph ( Printed materials) |